000 00400nam a22001577a 4500
003 MPLRDC
005 20220104124855.0
008 210129b ||||| |||| 00| 0 eng d
082 _a581.386 MHGH
100 _a不详
245 _a马来西亚联合邦宪法
_c
260 _a
_b马华公会中央文化局
_c
300 _b
650 _a各国宪法--马来西亚
942 _cBK
_o581.386 MHGH
999 _c22842
_d22832